| 000 | 00708nam a2200253Ia 4500 | ||
|---|---|---|---|
| 003 | OSt | ||
| 005 | 20220107122738.0 | ||
| 008 | 130318s9999 xx 000 0 und d | ||
| 020 | _a9788120340077 | ||
| 040 | _cIIITM-K | ||
| 082 | _a005.12028 COR/I;4 | ||
| 100 |
_aCormen, Thomas H _94234 |
||
| 245 |
_aIntroduction to algorithms _cby Thomas H Cormen et.al |
||
| 250 | _a3rd ed. | ||
| 260 |
_bPHI Learning, _aNew Delhi, _c2009. |
||
| 300 | _axix, 1292p. | ||
| 650 |
_aCOMPUTER SCIENCE _94235 |
||
| 650 |
_aCOMPUTER PROGRAMMING _94236 |
||
| 650 |
_aALGORITHMS _94237 |
||
| 650 |
_aDATA STRUCTURES _913609 |
||
| 700 |
_aLeiserson, Charles E _94238 |
||
| 700 |
_aRivest, Ronald L _94239 |
||
| 942 |
_2ddc _cBK |
||
| 999 |
_c3879 _d3879 |
||